Statistics for Russian Allies

Click here to take the quiz!

General Stats

  • This quiz has been taken 386 times
    (28 since last reset)
  • The average score is 17 of 25

Answer Stats

HintAnswer% Correct
AsiaChina
96%
EuropeBelarus
88%
AsiaIran
88%
AsiaNorth Korea
88%
North AmericaCuba
84%
AfricaSudan
84%
AsiaSyria
80%
South AmericaVenezuela
76%
South AmericaBolivia
72%
AfricaCentral African Republic
72%
AfricaNiger
72%
AfricaEritrea
68%
North AmericaNicaragua
68%
AsiaTajikistan
68%
AsiaKyrgyzstan
64%
AfricaMali
64%
AsiaMyanmar
64%
AfricaBurkina Faso
56%
AfricaBurundi
56%
AfricaUganda
56%
Asia (SPC)Yemen
56%
AfricaZimbabwe
56%
UnrecognizedAbkhazia
52%
UnrecognizedSouth Ossetia
52%
UnrecognizedTransnistria
44%

Score Distribution

Percentile by Number Answered

Percent of People with Each Score

Your Score History

You have not taken this quiz since the last reset